| 000 | 00992nam a2200301 a 4500 | ||
|---|---|---|---|
| 001 | 000114497 | ||
| 003 | CHAP | ||
| 005 | 20220329144444.0 | ||
| 008 | 180207s1979 mx |r| ||||||spa d | ||
| 010 | _a110958 | ||
| 011 | _a111930 | ||
| 040 | _cCHAP | ||
| 082 | 0 | 4 |
_a320.97233 _bC35 |
| 100 | 1 |
_aCastillo V., Gustavo del _9134593 |
|
| 245 | 1 | 0 |
_aCrisis y transformación de una sociedad tradicional / _cpor Gustavo del Castillo V. |
| 260 |
_aMéxico, D.F. : _bCentro de Investigaciones Superiores del INAH., _c1979. |
||
| 300 | _a177 P. | ||
| 490 |
_aEdiciones de la Casa Chata _v10 |
||
| 590 |
_aE5765TAJ _b05 _c20180207 _lUCH01 _h0838 |
||
| 590 |
_aE5765TAJ _b05 _c20180207 _lUCH01 _h0842 |
||
| 651 |
_aArandas, Jalisco _xCondiciones económicas _9134596 |
||
| 651 |
_aArandas, Jalisco _xCondiciones sociales _9134595 |
||
| 651 |
_aArandas, Jalisco _xPolítica y gobierno _9134594 |
||
| 830 | 0 |
_aEdiciones de la Casa Chata _v10 _935351 |
|
| 901 | _aBK | ||
| 942 | _cLIBRO | ||
| 942 | _n0 | ||
| 999 |
_c110958 _d110958 |
||